000 01462nam a2200265Ia 4500
003 PE SENCICO BE
005 20260220193432.0
008 200515s9999 xx 000 0 und d
020 _a9972-9477-0-X
040 _aPE SENCICO BE
_cPE SENCICO BE
041 _aspa
082 _a303.485
_bK96
100 1 _aKuroiwa, Julio
_9189
_eautor
245 1 0 _aReducción de desastres :
_bviviendo en armonía con la naturaleza /
_cJulio Kuroiwa
250 _a1a ed.
260 _aLima :
_b[CECOSAMI] ;
_c2002
300 _axvii, 429 páginas :
_bilustraciones a color, láminas, tablas, diagramas ;
_c27 cm.
504 _aReferencias a final de cada capítulo
505 0 _aViviendo en armonía con la naturaleza para reducir los desastres -- Cuidados sostenibles: agenda para el siglo XXI -- Fenómenos de origen geológico I : sismos -- Ingeniería sísmica -- Fenómenos de origen geológico II: Vulcanismo -- Tsumanis -- Desastres climáticos: Cambios climáticos adversos -- Desastres climáticos de rápido desarrollo -- Desastres climáticos de lento desarrollo -- Fenómenos geológicos climáticos: Fallas del suelo -- Desastres tecnológicos y medio ambiente -- Impacto económico y social de los desastres -- Reducción de la vulnerabilidad social -- Hacia una cultura de prevención en el siglo XXI
650 1 0 _aDesastres naturales
_9370
650 2 0 _aIngeniería sísmica
_9371
650 2 0 _aSismos
_9372
942 _cLIB
_2ddc
999 _c705
_d705